000 00296nam a22001337a 4500
008 181217b xxu||||| |||| 00| 0 eng d
020 _a9781598711110
041 _aeng
080 _a616.8
100 _a7
101 _atru
245 _aYour Expading Intellegence
_cWilks.j
942 _2udc
_cBK
999 _c53297
_d53297